|
|
|
|
| LEADER |
00000nab#a22000007a#4500 |
| 001 |
arbauad003081 |
| 003 |
AR-BaUAD |
| 005 |
20250711110541.0 |
| 008 |
931115|||||||||###||||||b###|0###a|spa|| |
| 040 |
|
|
|a AR-BaUAD
|c AR-BaUAD
|b spa
|
| 100 |
|
|
|a Lueken, Verena
|
| 245 |
|
|
|a Marcel Ophuls :
|b "Días de Noviembre" /
|c Verena Lueken;
|
| 300 |
0 |
|
|b fot.
|
| 653 |
|
|
|a CINE
|
| 653 |
|
|
|a DIRECTORES DE CINE
|
| 653 |
|
|
|a ALEMANIA
|
| 653 |
|
|
|a OPHULS, MARCEL
|
| 773 |
0 |
|
|t Kulturchronik
|g año 10, no. 4 [1992], p. 16-17
|
| 942 |
|
|
|c ARTI
|
| 952 |
|
|
|0 0
|1 0
|4 0
|7 0
|9 48001
|a AR-BAuAD
|b AR-BAuAD
|d 2025-07-11
|l 0
|p AAQA003081
|r 2025-07-11 11:05:41
|w 2025-07-11
|y ARTI
|
| 990 |
|
|
|a C199
|b TD
|
| 998 |
|
|
|a AAQ
|b BIBUN76
|
| 999 |
|
|
|c 27674
|d 27674
|